000 00548nam a2200193 a 4500
001 1770453312636
003 YourLibrary
005 20260207140844.0
008 260207s2008##################000#0#eng##
020 _a9780521731492
082 0 4 _a330
_bCAM
100 1 _aCambridge, University of,
_eauthor.
245 1 0 _aStatutes and Ordinances of the University of Cambridge 2008 :
260 _bCambridge University Press,
_c2008.
300 _a1028 pages
650 0 _aEducation.
942 _cENGLISH
040 _aYourLibrary
_beng
_cYourLibrary
999 _c611025
_d611025